| 000 | 00885cam a22002775a 4500 | ||
|---|---|---|---|
| 008 | 161025b xxu||||| |||| 00| 0 eng d | ||
| 020 | _a9781498712439 | ||
| 040 |
_bENG _dEG-ScBUE |
||
| 082 | 0 | 4 |
_a005.4469 _222 _bCOM |
| 100 | 1 | _aComer, Douglas. | |
| 245 | 1 | 0 |
_aOperating system design : _bthe Xinu approach / _cDouglas Comer. |
| 250 | _a2nd ed. | ||
| 260 |
_aBoca Raton : _bCRC Press ; _cc. 2015. |
||
| 300 |
_axxii, 677 p. : _bill. ; _c24 cm. |
||
| 500 | _aIncludes bibliographical references. | ||
| 590 | _ashima | ||
| 630 | 0 | 0 | _aXinu. |
| 650 | 7 |
_aOperating systems (Computers) _2BUEsh |
|
| 650 | 7 |
_aSystem design. _2BUEsh |
|
| 651 | _2BUEsh | ||
| 653 |
_bCOMSCI _cOctober2016 |
||
| 906 |
_a7 _bcbc _corigcop _d2 _encip _f20 _gy-gencatlg |
||
| 942 | _2ddc | ||
| 999 |
_c22840 _d22812 |
||